Dějiny Karibské oblasti

Saved in:
Bibliographic Details
Main Author: Kašpar, Oldřich
Format: Book
Language:Czech
Published: Praha Nakladatelství Lidové noviny 2002
Series:Dějiny států
Subjects:
Tags: Add Tag
No Tags, Be the first to tag this record!

MARC

LEADER 00000nam a2200000 4500
001 c141005
005 20221124094419.7
020 |a 80-7106-557-9 
041 0 |a cze 
044 |a CZ 
245 1 0 |a Dějiny Karibské oblasti  |c Oldřich Kašpar 
264 1 |a Praha  |b Nakladatelství Lidové noviny  |c 2002 
300 |a 261 s. 
490 1 |a Dějiny států 
830 0 |a Dějiny států 
610 2 0 |a dejiny 
610 2 0 |a história 
610 2 0 |a geografia 
610 2 0 |a vývoj hospodársky 
610 2 0 |a vývoj sociálny 
610 2 0 |a kultúra 
610 2 0 |a situácia hospodárska 
610 2 0 |a situácia sociálna 
610 2 0 |a Amerika 
610 2 0 |a Kuba 
610 2 0 |a Haiti 
610 2 0 |a Latinská Amerika 
610 2 0 |a Karibská oblasť 
100 1 |a Kašpar, Oldřich